[Event "FIDE World Youth U16 Chess Olympiad SLOVAKIA 2016"]
[Site "Poprad Tatry SLOVAKIA"]
[Date "2016.07.29"]
[Round "9"]
[Board "2"]
[White "Deng, Yu Dong Michael"]
[Black "Rogozenco, Teodora"]
[Result "1/2-1/2"]
[WhiteElo "1682"]
[BlackElo "2044"]
[PlyCount "106"]
[EventDate "2016.07.22"]
[EventType "team"]
[EventRounds "9"]
[EventCountry "SVK"]
[WhiteTeam "Hong Kong"]
[BlackTeam "Germany 3"]

1. d4 Nf6 2. c4 g6 3. Nc3 Bg7 4. e4 d6 5. f3 O-O 6. Be3 Nc6 7. Nge2 a6 8. Qd2
Na5 9. Nc1 Nd7 10. Nb3 Nxb3 11. axb3 c5 12. dxc5 Nxc5 13. Ra3 Be6 14. b4 Nd7
15. Be2 Ne5 16. b3 b5 17. Nd5 f5 18. O-O fxe4 19. fxe4 Rxf1+ 20. Bxf1 bxc4 21.
bxc4 Rc8 22. Qa2 Bxd5 23. exd5 Ng4 24. Qe2 Nxe3 25. Qxe3 Rb8 26. Qe6+ Kh8 27.
Rh3 Qb6+ 28. Kh1 Rf8 29. Bd3 Rf6 30. Qc8+ Rf8 31. Qe6 Rf6 32. Qc8+ Bf8 33. Rf3
Rxf3 34. gxf3 Kg7 35. c5 Qxb4 36. cxd6 Qxd6 37. Bxa6 Qxd5 38. Qc3+ Kh6 39. Qe3+
Kg7 40. Qc3+ e5 41. Bc4 Qd4 42. Qxd4 exd4 43. Kg2 Kf6 44. Kf2 Ke5 45. Ke2 Kf4
46. h3 Bg7 47. Be6 Ke5 48. Bc4 h6 49. Ba6 g5 50. Bb5 Kf4 51. Bd7 Ke5 52. Bb5
Kf4 53. Bd7 Ke5 1/2-1/2

[Event "FIDE World Youth U16 Chess Olympiad SLOVAKIA 2016"]
[Site "Poprad Tatry SLOVAKIA"]
[Date "2016.07.29"]
[Round "9"]
[Board "3"]
[White "Muetsch, Annmarie"]
[Black "Oh, Benjamin Yao Teng"]
[Result "1/2-1/2"]
[WhiteElo "2048"]
[BlackElo "1687"]
[PlyCount "111"]
[EventDate "2016.07.22"]
[EventType "team"]
[EventRounds "9"]
[EventCountry "SVK"]
[WhiteTeam "Germany 3"]
[BlackTeam "Hong Kong"]

1. e4 e5 2. Nf3 Nc6 3. Bc4 Nf6 4. Ng5 d5 5. exd5 b5 6. Bxb5 Qxd5 7. Bf1 Bc5 8.
Nc3 Qd4 9. Qf3 O-O 10. Bd3 Bg4 11. Qg3 Nb4 12. O-O Nxd3 13. cxd3 Bf5 14. Nge4
Nxe4 15. dxe4 Bxe4 16. Nxe4 Qxe4 17. d3 Qf5 18. Be3 Bxe3 19. Qxe3 Rfd8 20. Rfd1
Rd4 21. Rac1 Rad8 22. Rxc7 h6 23. Qh3 Qxh3 24. gxh3 Ra4 25. a3 Rd6 26. Re7 Rb6
27. Rd2 Rb5 28. Rc2 a5 29. Kg2 Rd4 30. Rcc7 Rf4 31. Rb7 Rd5 32. Red7 Rc5 33.
Rdc7 Rd5 34. Rc3 Rfd4 35. Rc8+ Rd8 36. Rxd8+ Rxd8 37. Rb5 Rxd3 38. Rxa5 Rb3 39.
Rxe5 Rxb2 40. a4 Ra2 41. a5 Ra3 42. h4 g6 43. f3 Ra4 44. Kg3 Kg7 45. Rb5 h5 46.
Rc5 Kh6 47. Rc7 Rxa5 48. Rxf7 Ra4 49. Re7 Ra5 50. Re4 Rb5 51. Kf4 Ra5 52. Rb4
Rf5+ 53. Ke4 Ra5 54. Kf4 Rf5+ 55. Ke4 Ra5 56. Kf4 1/2-1/2

[Event "FIDE World Youth U16 Chess Olympiad SLOVAKIA 2016"]
[Site "Poprad Tatry SLOVAKIA"]
[Date "2016.07.29"]
[Round "9"]
[Board "4"]
[White "Lee, Katrina Yin Yee"]
[Black "Leser, Katrin"]
[Result "0-1"]
[WhiteElo "1644"]
[BlackElo "2025"]
[PlyCount "78"]
[EventDate "2016.07.22"]
[EventType "team"]
[EventRounds "9"]
[EventCountry "SVK"]
[WhiteTeam "Hong Kong"]
[BlackTeam "Germany 3"]

1. e4 e5 2. Nf3 Nc6 3. Bb5 a6 4. Ba4 Nf6 5. O-O Be7 6. Re1 b5 7. Bb3 d6 8. h3
Na5 9. d3 Nxb3 10. axb3 O-O 11. Nbd2 Bb7 12. Nf1 Re8 13. Ng3 g6 14. Bh6 c5 15.
Qd2 a5 16. Nf5 Bf8 17. Bxf8 Rxf8 18. Ne3 Nh5 19. c4 b4 20. Nd5 Bxd5 21. exd5
Qd7 22. Qh6 f6 23. Re3 a4 24. bxa4 Rxa4 25. Rxa4 Qxa4 26. Re2 Qd1+ 27. Re1 Qxd3
28. Qc1 Nf4 29. Kh2 Ra8 30. Re3 Qf5 31. g4 Qd7 32. Nd2 Ra2 33. Ne4 Kg7 34. Qc2
f5 35. gxf5 Qxf5 36. Qb3 Ra1 37. Nxd6 Qb1 38. Kg3 Qg1+ 39. Kf3 Qg2# 0-1

[Event "FIDE World Youth U16 Chess Olympiad SLOVAKIA 2016"]
[Site "Poprad Tatry SLOVAKIA"]
[Date "2016.07.29"]
[Round "9"]
[Board "1"]
[White "Lin, Pin-Chen (gary)"]
[Black "Keinanen, Toivo"]
[Result "0-1"]
[WhiteElo "2077"]
[BlackElo "2274"]
[PlyCount "66"]
[EventDate "2016.07.22"]
[EventType "team"]
[EventRounds "9"]
[EventCountry "SVK"]
[WhiteTeam "Japan"]
[BlackTeam "Finland"]

1. d4 d5 2. c4 e6 3. Nc3 Be7 4. cxd5 exd5 5. Bf4 c6 6. Qc2 Bg4 7. e3 Bh5 8. Bd3
Bg6 9. Nf3 Bxd3 10. Qxd3 Nf6 11. h3 O-O 12. O-O Bd6 13. Bxd6 Qxd6 14. Ne5 Nfd7
15. f4 f6 16. Nf3 Na6 17. a3 Nc7 18. b4 Rfe8 19. Rab1 b5 20. a4 Nb6 21. axb5
Nxb5 22. Nd2 Na3 23. Rb3 Nac4 24. e4 Nxd2 25. e5 fxe5 26. dxe5 Qe6 27. Qxd2 d4
28. Qc2 dxc3 29. Rxc3 Rac8 30. Rc1 Nd5 31. Rxc6 Rxc6 32. Qxc6 Nxf4 33. Qxe6+
Nxe6 0-1

[Event "FIDE World Youth U16 Chess Olympiad SLOVAKIA 2016"]
[Site "Poprad Tatry SLOVAKIA"]
[Date "2016.07.29"]
[Round "9"]
[Board "2"]
[White "Nazarova, Anastasia"]
[Black "Hiebert, Kenji"]
[Result "1-0"]
[WhiteElo "2032"]
[BlackElo "1860"]
[PlyCount "83"]
[EventDate "2016.07.22"]
[EventType "team"]
[EventRounds "9"]
[EventCountry "SVK"]
[WhiteTeam "Finland"]
[BlackTeam "Japan"]

1. e4 c5 2. Nf3 e6 3. c4 Nc6 4. Nc3 Nd4 5. Be2 Ne7 6. O-O Nec6 7. d3 g6 8. Be3
Bg7 9. Qd2 O-O 10. Ne1 a6 11. f4 d6 12. Bd1 b5 13. Rb1 Bd7 14. Nf3 Qc7 15. Ne2
Rfb8 16. b3 b4 17. Nfxd4 Nxd4 18. Nxd4 cxd4 19. Bf2 a5 20. g4 Qc5 21. Bg3 a4
22. Qf2 axb3 23. axb3 Ra5 24. h4 Kf8 25. Qh2 Ke8 26. Rb2 Kd8 27. Rbf2 Kc7 28.
f5 exf5 29. exf5 gxf5 30. gxf5 Be5 31. Bxe5 dxe5 32. Rg2 Raa8 33. Bf3 Bc6 34.
Bxc6 Kxc6 35. Rg7 Kb6 36. Qg2 Qf8 37. f6 Ra3 38. Qd5 Rb7 39. Qxe5 Rxb3 40. Qb5+
Kc7 41. Qa5+ Kc6 42. Qa4+ 1-0

[Event "FIDE World Youth U16 Chess Olympiad SLOVAKIA 2016"]
[Site "Poprad Tatry SLOVAKIA"]
[Date "2016.07.29"]
[Round "9"]
[Board "3"]
[White "Otawa, Yuto"]
[Black "Aalto, Patrik"]
[Result "1-0"]
[WhiteElo "1889"]
[BlackElo "1745"]
[PlyCount "97"]
[EventDate "2016.07.22"]
[EventType "team"]
[EventRounds "9"]
[EventCountry "SVK"]
[WhiteTeam "Japan"]
[BlackTeam "Finland"]

1. d4 Nf6 2. c4 c5 3. d5 e6 4. Nc3 exd5 5. cxd5 d6 6. e4 g6 7. Nge2 Bg7 8. Ng3
O-O 9. Be2 Nbd7 10. O-O a6 11. a4 Re8 12. Be3 Qc7 13. Qd2 Ne5 14. f3 Rb8 15. h3
b6 16. f4 Ned7 17. Bc4 Qd8 18. Rae1 Qe7 19. Re2 Kh8 20. Rfe1 Ng8 21. e5 dxe5
22. Nge4 f6 23. d6 Qd8 24. Nd5 b5 25. axb5 axb5 26. Ba2 Nh6 27. fxe5 Rxe5 28.
Bxh6 c4 29. Bf4 Re8 30. Qb4 Ne5 31. Bxe5 Rxe5 32. Ng5 Qd7 33. Rxe5 fxe5 34. Qc5
Bb7 35. Qc7 Qxc7 36. Nxc7 Bc6 37. Nf7+ Kg8 38. Nxe5 Bxe5 39. Rxe5 Rd8 40. Nxb5
Bxb5 41. Rxb5 Rxd6 42. Bxc4+ Kg7 43. b4 Rd1+ 44. Kf2 Rd2+ 45. Kg3 Rc2 46. Bd5
Rc3+ 47. Bf3 Kf6 48. Rb7 Rb3 49. b5 1-0

[Event "FIDE World Youth U16 Chess Olympiad SLOVAKIA 2016"]
[Site "Poprad Tatry SLOVAKIA"]
[Date "2016.07.29"]
[Round "9"]
[Board "4"]
[White "Wartiovaara, Oliver"]
[Black "Osaka, Takuma"]
[Result "0-1"]
[WhiteElo "1513"]
[BlackElo "1888"]
[PlyCount "58"]
[EventDate "2016.07.22"]
[EventType "team"]
[EventRounds "9"]
[EventCountry "SVK"]
[WhiteTeam "Finland"]
[BlackTeam "Japan"]

1. c4 g6 2. g3 c6 3. Bg2 d5 4. cxd5 cxd5 5. d4 Nf6 6. Nc3 Bg7 7. Nf3 Nc6 8. O-O
Ne4 9. Ne5 Nxc3 10. Nxc6 Nxe2+ 11. Qxe2 bxc6 12. Be3 O-O 13. Rac1 Qb6 14. Rfd1
Ba6 15. Qc2 Rfc8 16. h4 e6 17. b3 Bb5 18. h5 a5 19. hxg6 hxg6 20. Qc5 Qxc5 21.
Rxc5 a4 22. Rdc1 axb3 23. axb3 Bf8 24. Bg5 Bxc5 25. dxc5 Ra3 26. Bf6 Rxb3 27.
Bxd5 exd5 28. Kg2 Bd3 29. Rh1 Be4+ 0-1

[Event "FIDE World Youth U16 Chess Olympiad SLOVAKIA 2016"]
[Site "Poprad Tatry SLOVAKIA"]
[Date "2016.07.29"]
[Round "9"]
[Board "1"]
[White "Trzaskowska, Hanna"]
[Black "Mirza, Diana"]
[Result "0-1"]
[WhiteElo "1318"]
[BlackElo "1889"]
[PlyCount "94"]
[EventDate "2016.07.22"]
[EventType "team"]
[EventRounds "9"]
[EventCountry "SVK"]
[WhiteTeam "Poland 2 - Warmia - Mazury"]
[BlackTeam "Ireland"]

1. e4 c5 2. Nf3 e6 3. d4 cxd4 4. Nxd4 Nc6 5. Nxc6 bxc6 6. Bd3 Nf6 7. Nc3 Qc7 8.
Qe2 e5 9. Bg5 Be7 10. O-O h6 11. Bxf6 Bxf6 12. Bc4 O-O 13. Rfd1 Rb8 14. Bb3 d6
15. h3 Be6 16. Qf3 Be7 17. Rd2 Qd7 18. g4 g6 19. Kh2 Kh7 20. Ne2 f5 21. gxf5
gxf5 22. Ng3 fxe4 23. Qxe4+ Bf5 24. Nxf5 Qxf5 25. Qxf5+ Rxf5 26. c4 Rf4 27.
Bc2+ Kh8 28. b3 Rbf8 29. Rf1 d5 30. cxd5 cxd5 31. Bb1 d4 32. Kg2 Bc5 33. Re2
Rg8+ 34. Kh2 Bd6 35. Re4 Rf3 36. Bc2 d3 37. Bd1 Rf5 38. Bg4 Rfg5 39. Ree1 h5
40. Be6 R8g6 41. Bf7 Rf6 42. Bd5 e4+ 43. Kh1 Rxd5 44. Rd1 Rf3 45. Rfe1 Rxh3+
46. Kg2 Rh2+ 47. Kg1 Rg5+ 0-1

[Event "FIDE World Youth U16 Chess Olympiad SLOVAKIA 2016"]
[Site "Poprad Tatry SLOVAKIA"]
[Date "2016.07.29"]
[Round "9"]
[Board "2"]
[White "Melaugh, Shane"]
[Black "Hrymowicz, Artur"]
[Result "0-1"]
[WhiteElo "1677"]
[BlackElo "1744"]
[PlyCount "86"]
[EventDate "2016.07.22"]
[EventType "team"]
[EventRounds "9"]
[EventCountry "SVK"]
[WhiteTeam "Ireland"]
[BlackTeam "Poland 2 - Warmia - Mazury"]

1. c4 e5 2. Nc3 Nf6 3. g3 d5 4. cxd5 Nxd5 5. Bg2 Be6 6. d3 Nc6 7. Nf3 f6 8. Bd2
Qd7 9. O-O g5 10. Ne4 h5 11. Rc1 h4 12. a3 hxg3 13. fxg3 Bh3 14. Bxh3 Qxh3 15.
Qa4 O-O-O 16. b4 Kb8 17. Rf2 Be7 18. Nc5 Nb6 19. Qc2 Bxc5 20. bxc5 Nd5 21. Rb1
Nd4 22. Nxd4 exd4 23. Qb2 Qc8 24. Kh1 Ne3 25. Bxe3 dxe3 26. Rxf6 b6 27. cxb6
Qb7+ 28. Kg1 axb6 29. Qe5 Rxh2 30. Rf3 Rdh8 31. g4 R2h4 32. Qg3 Rh1+ 33. Kg2
Rxb1 34. Qe5 Rhh1 35. Qxe3 Qc6 36. d4 Qh6 37. Qe8+ Ka7 38. Qa4+ Kb7 39. Kf2 Qe6
40. d5 Rbf1+ 41. Kg3 Rhg1+ 42. Kh2 Qh6+ 43. Rh3 Rh1+ 0-1

[Event "FIDE World Youth U16 Chess Olympiad SLOVAKIA 2016"]
[Site "Poprad Tatry SLOVAKIA"]
[Date "2016.07.29"]
[Round "9"]
[Board "3"]
[White "Daliga, Anita"]
[Black "Copeland, Dean"]
[Result "1/2-1/2"]
[WhiteElo "1703"]
[BlackElo "1763"]
[PlyCount "54"]
[EventDate "2016.07.22"]
[EventType "team"]
[EventRounds "9"]
[EventCountry "SVK"]
[WhiteTeam "Poland 2 - Warmia - Mazury"]
[BlackTeam "Ireland"]

1. e4 c5 2. Nc3 Nc6 3. f4 d6 4. Bb5 Bd7 5. Nf3 e6 6. O-O a6 7. Bxc6 Bxc6 8. d3
Nf6 9. Qe1 Be7 10. Qg3 O-O 11. Kh1 b5 12. e5 Nd5 13. Nxd5 Bxd5 14. Be3 Kh8 15.
Qh3 f6 16. exd6 Qxd6 17. Nh4 Rfd8 18. Ng6+ Kg8 19. Nxe7+ Qxe7 20. a3 a5 21. Qg3
Rac8 22. Qf2 a4 23. Rad1 Qc7 24. Kg1 Kh8 25. Rfe1 Rd6 26. Bd2 Kg8 27. Be3 Kh8
 1/2-1/2

[Event "FIDE World Youth U16 Chess Olympiad SLOVAKIA 2016"]
[Site "Poprad Tatry SLOVAKIA"]
[Date "2016.07.29"]
[Round "9"]
[Board "4"]
[White "Goss, Alex"]
[Black "Zarebska, Lena"]
[Result "1-0"]
[WhiteElo "1618"]
[BlackElo "1406"]
[PlyCount "81"]
[EventDate "2016.07.22"]
[EventType "team"]
[EventRounds "9"]
[EventCountry "SVK"]
[WhiteTeam "Ireland"]
[BlackTeam "Poland 2 - Warmia - Mazury"]

1. d4 Nf6 2. c4 c5 3. d5 b5 4. cxb5 a6 5. b6 Qxb6 6. Nc3 d6 7. e4 g6 8. Bd3 Bg7
9. Nge2 O-O 10. O-O Nbd7 11. a4 Rb8 12. a5 Qa7 13. Kh1 Ne5 14. Bc2 Qc7 15. b3
c4 16. f4 Nd3 17. bxc4 Nxc1 18. Qxc1 Qxc4 19. Ra4 Qc7 20. Nd4 Qxc3 21. Rf3 Qc7
22. Nc6 Rb5 23. Bd3 Rc5 24. Rc4 Rxc4 25. Qxc4 Bb7 26. Rf2 Rc8 27. Rc2 Ng4 28.
Qb3 Qd7 29. Qb6 Nf6 30. Bxa6 Bxa6 31. Qxa6 Rc7 32. Qa8+ Bf8 33. Rb2 h5 34. Rb8
Nh7 35. h3 Kg7 36. Rd8 Ra7 37. Qxa7 Qxa7 38. Nxa7 Nf6 39. Nc6 Nxe4 40. a6 Nc5
41. a7 1-0

[Event "FIDE World Youth U16 Chess Olympiad SLOVAKIA 2016"]
[Site "Poprad Tatry SLOVAKIA"]
[Date "2016.07.29"]
[Round "9"]
[Board "1"]
[White "Su, Zijin"]
[Black "Kostolansky, Sebastian Lukas"]
[Result "0-1"]
[WhiteElo "1628"]
[BlackElo "1962"]
[PlyCount "76"]
[EventDate "2016.07.22"]
[EventType "team"]
[EventRounds "9"]
[EventCountry "SVK"]
[WhiteTeam "China 2"]
[BlackTeam "Slovakia BSZ"]

1. e4 e6 2. d3 d5 3. Nd2 Nf6 4. g3 c5 5. Bg2 Be7 6. Ngf3 Nc6 7. O-O O-O 8. Re1
Qc7 9. Nf1 dxe4 10. dxe4 Rd8 11. Qe2 b6 12. c3 a5 13. Qc2 Ba6 14. Re3 Ng4 15.
Re1 Bd3 16. Qb3 a4 17. Qd1 Bxf1 18. Qc2 Bd3 19. Qd2 Bf1 20. Qf4 Qxf4 21. Bxf4
Bxg2 22. Kxg2 e5 23. Bd2 Rd3 24. Rad1 Rad8 25. Re2 b5 26. Ne1 R3d7 27. Nc2 Na5
28. h3 Nc4 29. hxg4 Rxd2 30. Rdxd2 Rxd2 31. Rxd2 Nxd2 32. f3 c4 33. a3 Bc5 34.
Nb4 Bxb4 35. axb4 Nb1 36. Kf2 a3 37. bxa3 Nxa3 38. Ke2 Nb1 0-1

[Event "FIDE World Youth U16 Chess Olympiad SLOVAKIA 2016"]
[Site "Poprad Tatry SLOVAKIA"]
[Date "2016.07.29"]
[Round "9"]
[Board "2"]
[White "Sandor, Martin"]
[Black "Peng, Shunkai"]
[Result "0-1"]
[WhiteElo "1763"]
[BlackElo "1944"]
[PlyCount "72"]
[EventDate "2016.07.22"]
[EventType "team"]
[EventRounds "9"]
[EventCountry "SVK"]
[WhiteTeam "Slovakia BSZ"]
[BlackTeam "China 2"]

1. e4 c5 2. Nf3 d6 3. d4 cxd4 4. Nxd4 Nf6 5. Nc3 a6 6. Be3 e5 7. Nb3 Be6 8. f3
h5 9. h4 Nbd7 10. Qd2 Qc7 11. O-O-O Rc8 12. Kb1 b5 13. Nd5 Bxd5 14. exd5 Nb6
15. Bxb6 Qxb6 16. g3 g6 17. Bh3 Rc4 18. Rhe1 Bh6 19. Qg2 Bg7 20. Rd3 Qc7 21. c3
Ra4 22. Nd2 Qa5 23. a3 O-O 24. Ne4 Qc7 25. g4 hxg4 26. fxg4 Qc4 27. Nxf6+ Bxf6
28. Qg3 Bxh4 29. Qxh4 Qxd3+ 30. Ka1 Rc8 31. Rh1 Rxc3 32. Qd8+ Kg7 33. g5 Raxa3+
34. bxa3 Rxa3+ 35. Kb2 Qc3+ 36. Kb1 Ra1# 0-1

[Event "FIDE World Youth U16 Chess Olympiad SLOVAKIA 2016"]
[Site "Poprad Tatry SLOVAKIA"]
[Date "2016.07.29"]
[Round "9"]
[Board "3"]
[White "Yang, Zicheng"]
[Black "Petrek, David"]
[Result "1-0"]
[WhiteElo "1442"]
[BlackElo "1548"]
[PlyCount "37"]
[EventDate "2016.07.22"]
[EventType "team"]
[EventRounds "9"]
[EventCountry "SVK"]
[WhiteTeam "China 2"]
[BlackTeam "Slovakia BSZ"]

1. e4 e5 2. Nf3 Nc6 3. Bb5 f5 4. d3 fxe4 5. dxe4 Nf6 6. Bg5 Bc5 7. O-O d6 8.
Nc3 O-O 9. Nd5 Bg4 10. Nxf6+ gxf6 11. Bh6 Re8 12. Bc4+ Be6 13. Nd4 Kh8 14. Nxe6
Qd7 15. Bg7+ Qxg7 16. Nxg7 Kxg7 17. Qg4+ Kh6 18. Rad1 Rg8 19. Bxg8 1-0

[Event "FIDE World Youth U16 Chess Olympiad SLOVAKIA 2016"]
[Site "Poprad Tatry SLOVAKIA"]
[Date "2016.07.29"]
[Round "9"]
[Board "4"]
[White "Fajtakova, Silvia"]
[Black "Liu, Suhui"]
[Result "1/2-1/2"]
[WhiteElo "1177"]
[BlackElo "1594"]
[PlyCount "76"]
[EventDate "2016.07.22"]
[EventType "team"]
[EventRounds "9"]
[EventCountry "SVK"]
[WhiteTeam "Slovakia BSZ"]
[BlackTeam "China 2"]

1. e4 c5 2. Nf3 Nc6 3. d4 cxd4 4. Nxd4 Nf6 5. Nc3 d6 6. Nxc6 bxc6 7. Bc4 e5 8.
O-O Be7 9. Kh1 Be6 10. Bb3 O-O 11. f4 Nd7 12. f5 Bxb3 13. axb3 Nb6 14. Qg4 d5
15. Bh6 Bf6 16. Rf3 Kh8 17. Bd2 Rg8 18. Rh3 g6 19. fxg6 Rxg6 20. Qh5 Qg8 21.
Rg1 d4 22. Ne2 c5 23. Ng3 Bg5 24. Bxg5 Rxg5 25. Qh6 Rg6 26. Qd2 c4 27. Nf5 Qe8
28. Rh6 Qe6 29. Rxg6 fxg6 30. Nh6 Rf8 31. Qb4 Kg7 32. h3 Rf4 33. Ng4 Rxe4 34.
Rf1 Rf4 35. Re1 Rf5 36. bxc4 Nxc4 37. b3 a5 38. Qb7+ Rf7 1/2-1/2

[Event "FIDE World Youth U16 Chess Olympiad SLOVAKIA 2016"]
[Site "Poprad Tatry SLOVAKIA"]
[Date "2016.07.29"]
[Round "9"]
[Board "1"]
[White "Ieong, Seak Hin"]
[Black "Sahidi, Samir"]
[Result "0-1"]
[WhiteElo "1726"]
[BlackElo "2216"]
[PlyCount "180"]
[EventDate "2016.07.22"]
[EventType "team"]
[EventRounds "9"]
[EventCountry "SVK"]
[WhiteTeam "Macau"]
[BlackTeam "Slovakia 2"]

1. e4 c5 2. Nc3 Nc6 3. g3 g6 4. Bg2 Bg7 5. d3 d6 6. f4 Rb8 7. Nf3 b5 8. O-O e6
9. Rb1 Nge7 10. a3 O-O 11. Be3 Qb6 12. Qd2 d5 13. Bf2 d4 14. Ne2 e5 15. b4 Bg4
16. Nxe5 Nxe5 17. fxe5 Bxe2 18. Qxe2 Bxe5 19. c3 Qd6 20. Kh1 Nc6 21. Rbc1 cxb4
22. cxb4 Rfc8 23. Bh3 Rc7 24. Be1 Rbb7 25. Qa2 Nd8 26. Bd2 Kg7 27. Qb2 f6 28.
Bc8 Rxc1 29. Rxc1 Rc7 30. Rc2 Kf7 31. Qc1 Rxc2 32. Qxc2 Ke7 33. Kg2 Qb6 34. Kf3
h5 35. h4 Kd6 36. Bh6 Qc6 37. Bf8+ Kc7 38. Qxc6+ Nxc6 39. Be6 Bd6 40. Bg7 Be7
41. Bh6 a5 42. Bf4+ Bd6 43. Bf7 g5 44. hxg5 fxg5 45. Bxd6+ Kxd6 46. Bxh5 axb4
47. axb4 Nxb4 48. Ke2 Kc5 49. Kd2 Nc6 50. Be8 Ne5 51. Kc2 Kb4 52. Kd2 Ka5 53.
Kc2 Kb6 54. Bh5 Kc5 55. Be2 Kb4 56. Kb2 Nd7 57. Bd1 Nc5 58. Bc2 Na6 59. Bd1 Nb8
60. e5 Kc5 61. e6 Kd6 62. Bg4 Na6 63. Bf5 Nc7 64. Kb3 Nd5 65. Bg4 Ne3 66. Bh5
Kxe6 67. Kb4 Ke5 68. Kxb5 Nf1 69. g4 Kf4 70. Kc4 Ke3 71. Bg6 Nh2 72. Bf5 Nf3
73. Kd5 Ne1 74. Kc4 Ng2 75. Kd5 Nf4+ 76. Kc4 Nh3 77. Kd5 Nf2 78. Kc4 Nd1 79.
Kb3 Nc3 80. Kc4 Nd1 81. Kb3 Nf2 82. Kc4 Nh1 83. Kd5 Ng3 84. Kc4 Nf1 85. Kc5 Nd2
86. Kd5 Nf3 87. Kc4 Ne5+ 88. Kd5 Nxd3 89. Ke6 Ne1 90. Kf6 Kf4 0-1

[Event "FIDE World Youth U16 Chess Olympiad SLOVAKIA 2016"]
[Site "Poprad Tatry SLOVAKIA"]
[Date "2016.07.29"]
[Round "9"]
[Board "2"]
[White "Haring, Filip"]
[Black "Kou, Seong Kei"]
[Result "1-0"]
[WhiteElo "2155"]
[BlackElo "1398"]
[PlyCount "49"]
[EventDate "2016.07.22"]
[EventType "team"]
[EventRounds "9"]
[EventCountry "SVK"]
[WhiteTeam "Slovakia 2"]
[BlackTeam "Macau"]

1. e4 c6 2. d4 d5 3. exd5 cxd5 4. c4 Nc6 5. Nc3 Nf6 6. Bg5 dxc4 7. d5 Ne5 8.
Qd4 Nd3+ 9. Bxd3 cxd3 10. Nf3 d2+ 11. Nxd2 h6 12. Bxf6 exf6 13. O-O-O Bd6 14.
Rhe1+ Kf8 15. Nc4 Bf5 16. g4 Bg6 17. f4 h5 18. f5 Bh7 19. h3 Qc7 20. Nb5 Bf4+
21. Kb1 Qd7 22. Qxf4 Qxb5 23. Qc7 g6 24. Nd6 Qb6 25. Qxf7# 1-0

[Event "FIDE World Youth U16 Chess Olympiad SLOVAKIA 2016"]
[Site "Poprad Tatry SLOVAKIA"]
[Date "2016.07.29"]
[Round "9"]
[Board "3"]
[White "Ip, Seng Tou"]
[Black "Bango, Lukas"]
[Result "1/2-1/2"]
[WhiteElo "1564"]
[BlackElo "2109"]
[PlyCount "96"]
[EventDate "2016.07.22"]
[EventType "team"]
[EventRounds "9"]
[EventCountry "SVK"]
[WhiteTeam "Macau"]
[BlackTeam "Slovakia 2"]

1. e4 c5 2. Nf3 d6 3. d4 cxd4 4. Nxd4 Nf6 5. Nc3 g6 6. Be3 Bg7 7. Qd2 Ng4 8.
Bg5 h6 9. Bh4 g5 10. Bg3 Nc6 11. Nb3 Be6 12. O-O-O Rc8 13. h4 gxh4 14. Rxh4 Nb4
15. Kb1 Qb6 16. Bb5+ Kf8 17. Nd4 Rxc3 18. Qxc3 Nxa2 19. Nxe6+ fxe6 20. Qf3+ Bf6
21. Kxa2 Qxb5 22. e5 Nxe5 23. Bxe5 Qxe5 24. c3 Qa5+ 25. Kb1 Ke8 26. Rb4 b6 27.
Rc4 Kf7 28. Rh1 Qg5 29. Qh5+ Qxh5 30. Rxh5 d5 31. Rc7 Kg6 32. Rh3 Rd8 33. Rxa7
Rd6 34. Ra4 e5 35. Rg4+ Kf5 36. Rgg3 Bg5 37. Rf3+ Kg6 38. Rh1 e4 39. Rfh3 e5
40. Rd1 d4 41. cxd4 exd4 42. Rb3 Kf5 43. Rb4 Bf6 44. Kc2 d3+ 45. Kd2 Rc6 46.
Ke1 Rc2 47. Rd2 Rc1+ 48. Rd1 Rc2 1/2-1/2

[Event "FIDE World Youth U16 Chess Olympiad SLOVAKIA 2016"]
[Site "Poprad Tatry SLOVAKIA"]
[Date "2016.07.29"]
[Round "9"]
[Board "4"]
[White "Tomcikova, Dominika"]
[Black "Ip, Weng Tou"]
[Result "0-1"]
[WhiteElo "1877"]
[BlackElo "1490"]
[PlyCount "58"]
[EventDate "2016.07.22"]
[EventType "team"]
[EventRounds "9"]
[EventCountry "SVK"]
[WhiteTeam "Slovakia 2"]
[BlackTeam "Macau"]

1. e4 e5 2. Nf3 Nc6 3. Bc4 Bc5 4. c3 Nf6 5. d3 O-O 6. O-O d6 7. b4 Bb6 8. a4 a5
9. b5 Ne7 10. h3 Ng6 11. Bb3 h6 12. Nbd2 Be6 13. Bxe6 fxe6 14. Nc4 Ba7 15. Qb3
Re8 16. Re1 Kh8 17. d4 exd4 18. cxd4 Bb6 19. Nxb6 cxb6 20. Qd3 e5 21. Bb2 Qe7
22. dxe5 dxe5 23. Qe3 Qe6 24. Red1 Red8 25. Rd2 Rxd2 26. Nxd2 Rc8 27. f3 Rc2
28. Ba3 Qd7 29. Bc1 Nf4 0-1

[Event "FIDE World Youth U16 Chess Olympiad SLOVAKIA 2016"]
[Site "Poprad Tatry SLOVAKIA"]
[Date "2016.07.29"]
[Round "9"]
[Board "1"]
[White "Wolmarans, Riekie"]
[Black "Gluckman, Paul"]
[Result "0-1"]
[WhiteElo "1429"]
[BlackElo "1923"]
[PlyCount "104"]
[EventDate "2016.07.22"]
[EventType "team"]
[EventRounds "9"]
[EventCountry "SVK"]
[WhiteTeam "South Africa 3"]
[BlackTeam "South Africa 1"]

1. d4 Nf6 2. Bf4 e6 3. Nf3 Be7 4. e3 Nh5 5. Bg3 d6 6. Bd3 Nd7 7. Nbd2 Nxg3 8.
hxg3 h6 9. c3 a6 10. Qc2 b6 11. Nh2 Bb7 12. Be4 d5 13. Bd3 e5 14. dxe5 Nxe5 15.
Be2 Qd7 16. O-O-O c6 17. Nhf3 Nxf3 18. Nxf3 Qc7 19. Qf5 g6 20. Qe5 Qxe5 21.
Nxe5 Bf6 22. Nd3 Ke7 23. Rh2 Rad8 24. Rdh1 Bg7 25. g4 Rhe8 26. Rd1 a5 27. Rhh1
a4 28. Kc2 Kf8 29. Bf3 Ba6 30. Nb4 Bb7 31. Rhe1 Re6 32. Nd3 Rf6 33. Nf4 Ba6 34.
Be2 Bc8 35. Nd3 c5 36. Rf1 d4 37. exd4 cxd4 38. Nc1 Rc6 39. Bb5 Rc5 40. Bxa4
Bxg4 41. f3 Bf5+ 42. Kb3 b5 43. Kb4 Rc4+ 44. Kxb5 Rdc8 45. Bb3 Bd7+ 46. Ka5
Ra8+ 47. Kb6 Rc6+ 48. Kb7 Raa6 49. f4 Bc8+ 50. Kb8 Rab6+ 51. Ka7 Rb7+ 52. Ka8
Ra6# 0-1

[Event "FIDE World Youth U16 Chess Olympiad SLOVAKIA 2016"]
[Site "Poprad Tatry SLOVAKIA"]
[Date "2016.07.29"]
[Round "9"]
[Board "2"]
[White "De Jager, Luan"]
[Black "Kara, Zahra"]
[Result "1-0"]
[WhiteElo "1766"]
[BlackElo "1335"]
[PlyCount "147"]
[EventDate "2016.07.22"]
[EventType "team"]
[EventRounds "9"]
[EventCountry "SVK"]
[WhiteTeam "South Africa 1"]
[BlackTeam "South Africa 3"]

1. e4 e5 2. Nf3 Nc6 3. Bb5 a6 4. Ba4 Nf6 5. d4 exd4 6. O-O Be7 7. Re1 O-O 8. e5
Nd5 9. Bb3 Nb6 10. Nxd4 Nxd4 11. Qxd4 d6 12. exd6 Qxd6 13. Qe4 Bf6 14. Bf4 Qc5
15. c3 Rb8 16. Bc2 g6 17. Qf3 Bg7 18. Nd2 Nd5 19. Nb3 Qb5 20. Bd3 Qd7 21. Bg3
b6 22. Rad1 Bb7 23. Be4 Rbd8 24. c4 c6 25. cxd5 cxd5 26. Bd3 Bxb2 27. Be5 Bxe5
28. Rxe5 Qc7 29. Qe2 a5 30. Rc1 Qd6 31. Re7 Rd7 32. Re1 Rxe7 33. Qxe7 Qxe7 34.
Rxe7 Rb8 35. Nd4 Kf8 36. Rd7 h6 37. h3 Ba8 38. Nb5 Ke8 39. Ra7 Kf8 40. Nd6 f5
41. Nb5 Bc6 42. Rc7 Ba8 43. Nd4 Re8 44. Kf1 Kg8 45. Bb5 Rb8 46. Ne6 g5 47. Nd4
Bb7 48. Nxf5 h5 49. Rg7+ Kf8 50. Rh7 Bc8 51. Rh8+ Kf7 52. Nd6+ Ke6 53. Rxc8
Rxc8 54. Nxc8 Ke5 55. Nxb6 Kd4 56. a4 Kc5 57. Nd7+ Kd4 58. Nf6 h4 59. Ke2 Kc5
60. Kd3 d4 61. Ne4+ Kd5 62. Nxg5 Kc5 63. Ne6+ Kb4 64. Nxd4 Ka3 65. f4 Ka2 66.
f5 Ka3 67. f6 Ka2 68. f7 Ka1 69. Nc2+ Kb2 70. f8=Q Kc1 71. Qf4+ Kb2 72. Qd4+
Ka2 73. Qa1+ Kb3 74. Qa3# 1-0